Slovník slovensko-anglicko-nemecký k učebnici "Dobrý deň, slovenčina"

Bibliographic Details
Main Authors: Balážiková, Renata (Author), Blašková, Elena (Author), Galambošová, Katarína (Author), Žitná, Elena (Author), Pekarovičová, Jana, 1951- (Author)
Format: Book
Language:Slovak
PhysicalDescription:40 s. 21 cm
Published: Bratislava KON-Press 1992
ISBN:8085413086
Edition:1. vyd.
Subjects:

MARC

LEADER 00000nam a2200000 a 4500
001 vtls001067547
003 SK-MaSNL
005 20260425234327.0
008 240226s1992 xo 000 0 slo
015 |a SNBA1992/04 
020 |a 8085413086  |q (brož.) 
035 |a SNK000010377 
035 |a urn:nbn:sk:snk-amkty6 
035 |a urn:nbn:sk:snk-am004r4g 
035 |a FE8E2F75-5708-4450-9BB1-CC40C3094876 
040 |a SNK  |b slo  |c SNK  |e AACR2 
041 0 |a slo 
044 |a xo  |c SK 
080 |a 801.323.3=854=20=30  |2 1981 
245 0 0 |a Slovník slovensko-anglicko-nemecký  |b k učebnici "Dobrý deň, slovenčina"  |c autorský kolektív 
250 |a 1. vyd. 
260 |a Bratislava  |b KON-Press  |c 1992 
300 |a 40 s.  |c 21 cm 
650 0 7 |a slovenčina  |2 SNKPH  |9 1350 
650 0 7 |a angličtina  |2 SNKPH  |9 1260 
650 0 7 |a nemčina  |2 SNKPH  |9 1384 
655 7 |a jazykové slovníky  |2 SNKPH  |9 70525 
700 1 |a Balážiková, Renata  |4 aut  |9 449931 
700 1 |a Blašková, Elena  |4 aut  |9 449932 
700 1 |a Galambošová, Katarína  |4 aut  |9 449933 
700 1 |a Žitná, Elena  |4 aut  |9 310339 
700 1 |a Pekarovičová, Jana,  |d 1951-  |4 aut  |9 106722 
919 |a 80-85413-08-6 
954 |a beletria pôvodná (slovenská)  |2 lita 
958 |a TL 
999 |c 790936  |d 792866 
952 |t P60, <04>, [BOOK], {604}  |a SNK  |b SNK  |y VYP  |7 0  |p 17A0319576  |o snkSC 81178 D1  |i snkKSP 1487/92  |0 0  |1 0  |4 0  |d 2001-10-26  |f 1  |l 0  |r 2004-12-31 00:00:00  |w 2026-02-24 
952 |a SNK  |b SNK  |y PREZ  |7 0  |p 17A0994895  |o snkSC 81178  |0 0  |1 0  |4 0  |d 2012-08-13  |l 0  |r 2026-02-24 01:35:55  |w 2026-02-24